Learn to recognize 10-100

Bibliographic Details
Main Author: Baker,Rann
Format: Book
Published: Selangor : Sama Publications , 2004
Series:Mathematics for children series vol.1
Subjects:

MARC

LEADER 00000cam a2200000 7i4500
001 0000005619
005 20220105104013.0
008 070808
020 |a 967938960X 
090 0 0 |a JP   |b MTH ENG (7049) 
100 1 |a Baker,Rann 
245 1 0 |a Learn to recognize 10-100   |c Rann,Baker 
260 |a Selangor :   |b Sama Publications ,   |c 2004 
440 0 |a Mathematics for children series vol.1 
500 |a Children age 4-6 years old (yellow) 
650 0 |a Junior preschool   |x English   |x Languages 
650 0 |a Mathematics 
999 |a 0000013394   |b Book   |c Children Collection   |e Cawangan Taman Universiti 
999 |a 0000013395   |b Book   |c Children Collection   |e Cawangan Taman Universiti 
999 |a 0000861632   |b Book   |c Children Collection   |e Cawangan Tmn. Ungku Tun Aminah 
999 |a 0000920772   |b Book   |c Children Collection   |e Cawangan Bukit Gambir 
999 |a 0000930579   |b Book   |c Children Collection   |e Cawangan Tangkak 
999 |a 0000935080   |b Book   |c Children Collection   |e Cawangan Tangkak 
999 |a 0000951278   |b Book   |c Children Collection   |e Cawangan Bukit Gambir 
999 |a 0000980546   |b Book   |c Children Collection   |e Cawangan Tmn. Ungku Tun Aminah 
999 |a 0000980547   |b Book   |c Children Collection   |e Perbadanan Perpustakaan Awam Johor 
999 |a 0000980548   |b Book   |c Children Collection   |e Perbadanan Perpustakaan Awam Johor 
999 |a 0000980549   |b Book   |c Children Collection   |e Perbadanan Perpustakaan Awam Johor 
999 |a 0000980550   |b Book   |c Children Collection   |e Perbadanan Perpustakaan Awam Johor 
999 |a 000861631   |b Book   |c Children Collection   |e Cawangan Batu Pahat